English language learners in your classroom. Strategies that Work

Đã lưu trong:
Chi tiết về thư mục
Những tác giả chính: Kottler, Ellen (Tác giả), Kottler, Jeffrey A. (Tác giả), Street, Chris (Tác giả)
Định dạng: Sách
Ngôn ngữ:Tiếng Anh
Được phát hành: Thousand Oaks, California, USA: Corwin Press, 2008.
Phiên bản:Third edition.
Những chủ đề:
Các nhãn: Thêm thẻ
Không có thẻ, Là người đầu tiên thẻ bản ghi này!

MARC

LEADER 00000nam a22000007a 4500
003 CL-VaPUC
005 20220704130358.0
008 220603b2008 ||||| |||| 00| 0 eng d
999 |c 435771  |d 435769 
020 |a 978-1-4129-5817- 
040 |c Pontificia Universidad Católica de Valparaíso 
082 |a 428.0071 KOT 2008 
100 1 |a Kottler, Ellen  |e author  |9 870138 
245 |a English language learners in your classroom.  |b Strategies that Work 
250 |a Third edition.  
260 |a Thousand Oaks, California, USA:  |b Corwin Press,  |c 2008. 
300 |a 199 páginas. 
500 |a c.1 Donación. Memo 09/2022. 18/04/2022 
583 |c 20220603  |k Catalogador Asistente 
650 0 |a Lengua inglesa   |9 859623  |x Estudio y enseñanza   |x Hablantes extranjeros  
650 0 |a Niños inmigrantes  |x Educación  |9 870149 
650 0 |a Lenguaje y educación   |9 263717 
700 |a Kottler, Jeffrey A.  |e author  |9 870139 
700 |a Street, Chris  |e author  |9 870140 
942 |2 ddc  |c BK 
952 |0 0  |1 0  |2 ddc  |4 0  |6 428_007100000000000_KOT_2008  |7 0  |8 A  |9 583372  |a BIBEDU  |b BIBEDU  |c GEN  |d 2022-06-03  |e Donación  |i 5651515  |l 1  |o 428.0071 KOT 2008  |p 5651515  |r 2022-07-26  |s 2022-07-26  |t 1  |w 2022-06-03  |y BK  |k LIT